000 00561cam a2200217 4500
008 090401t1993 xxu||||| |||| 00| 0 eng d
020 _a085121973X
035 _a(Sirsi) u8823
041 _aeng
050 _a692.8
100 _aElliott, Robert Fenwick
245 _aBuilding contract litigation.
250 _a4th ed.
260 _aLondon
_bLongman
_c1993
300 _axxv,306p. ; 24cm.
350 _a44
650 _aBUILT ENVIRONMENT-BUILDING CONTRACT FORMS
690 _aBUILDING AND CONSTRUCTION-CONTROL
942 _n0
948 _c04/03/1997
999 _c86567
_d86567